00308 a2200133 4500001000700000020001800007040003500025100002500060240003100085245002600116300001000142362000900152440001300161156776 a9788526295513 cEscola São Tomás de Aquino aMELO, Chico Homem de10aO outro nome do bicholpor10aO outro nome do bicho a32 p.0 a2015 1aScipione